| 000 | 00905cam a2200265 4500 | ||
|---|---|---|---|
| 001 | M1752 | ||
| 008 | 090401t1994 xxu||||| |||| 00| 0 eng d | ||
| 035 | _a(Sirsi) u34236 | ||
| 041 | _aeng | ||
| 050 | _a331.712 | ||
| 110 | _aUnited Kingdom Inter Professional Group | ||
| 245 | _aUnited Kingdom Inter Professional Group survey on continuing professional development. | ||
| 260 |
_aBristol? _bUnited Kingdom Inter Professional Group _c1994 |
||
| 300 | _aca.50p. ; 30cm. | ||
| 350 | _a0 | ||
| 520 | _aSurvey carried out by the Working Group on Continuing Professional Development of the UK Inter Professional Group. | ||
| 650 | _aCONTINUING PROFESSIONAL DEVELOPMENT | ||
| 650 | _aCPD | ||
| 650 | _aPROFESSIONS | ||
| 650 | _aRICS | ||
| 650 | _aROYAL INSTITUTION OF CHARTERED SURVEYORS | ||
| 690 | _aMANAGEMENT-BUSINESS MANAGEMENT-PROFESSIONAL PRACTICE | ||
| 942 | _n0 | ||
| 948 | _c04/03/1997 | ||
| 999 |
_c89922 _d89922 |
||